000 007750000a22002410004500
003 LK-CoMWRAF
005 20231004094645.0
008 230817t1996 ||||| |||| 00| 0 eng d
020 _a0195637992
040 _aLK-CoMWRAF
_dLK-CoMWRAF
_eLK-CoMWRAF
041 _aeng
082 _a320.5
_bVEE
100 _aVeer, Peter van der
245 _aReligious nationalism:
_bHindus and Muslims in India
260 _aDelhi:
_bOxford university press,
_c1996
300 _axvi, 247 p. ; 24 cm.
_bBibliography and index included.
650 _aNATIONALISM-Religious aspects-Hinduism
650 _aNATIONALISM-Religious aspects-Islam.
650 _aReligion and politics-India
650 _aHinduism-Social aspects-India
650 _aIslam-Social aspects-India.
942 _cBK
999 _c1470
_d1470